000 00200nam a2200085 4500
001 1254840
005 20251127092142.0
245 _aKAĞAN TABLODAKİ GİZEM
_cMUSTAFA ORAKÇI
260 _bTİMAŞ YAYINLARI
999 _c1254840
_d1254840